00749 a2200169 45000010006000000050017000060080041000230030015000640400040000790800051001192450037001700200018002072640076002253000019003015050232003201000027005525901920260407155845.0260407a1985 arg spa dAR-UNSa-BCEJYS aAR-UNSa-BCEJYSbspacAR-UNSa-BCEJYS a338.5xPrecios. Formación de precios. Costes10aTeoría de los precios sociales a84-7351-181-6 1aMadrid :bInstituto Nacional de Administración Pública (INAP)c1985 a250 p.c19 cm. a1. Mercado y asignación de recursos – 2. Análisis de costes y beneficios sociales – 3. Precios de cuenta de eficiencia – 4. Precios sociales – 5. Salario social – 6. Tasa social de descuento – 7. Externalidades 1 aAzqueta Oyarzun, Diego